Lada u ledu

Saved in:
Bibliographic Details
Main Author Ema, Labudová
Format Electronic eBook
LanguageCzech
Published Odeon 2021
Edition1. elektronické vydání
Subjects
Online AccessDostupné v BOOKPORT po přihlášení pomocí eduID
ISBN978-80-207-2017-7
978-80-207-2006-1
Physical Description1 online zdroj (312 stran)

Cover

LEADER 00000nam a2200000 i 4500
001 bkp634213866
003 CZ-prgp
005 20240911083948.0
006 m o d
007 cr cn
008 240911s2021 xr o 000 1 cze
020 |a 978-80-207-2017-7  |c 209 Kč  |q (online ; epub) 
020 |a 978-80-207-2006-1  |c 209 Kč  |q (print) 
040 |a Grada  |b cze  |e rda 
100 1 |a Ema, Labudová 
245 1 0 |a Lada u ledu  |c Labudová Ema 
250 |a 1. elektronické vydání 
264 1 |b Odeon  |c 2021 
300 |a 1 online zdroj (312 stran) 
336 |a text  |b txt  |2 rdacontent 
337 |a počítač  |b c  |2 rdamedia 
338 |a online zdroj  |b cr  |2 rdacarrier 
520 3 |a Ema Labudová na sebe upozornila prvotinou Tapetář, za niž byla nominována na Magnesii Literu v kategorii Objev roku. Svůj nový příběh přesunula z Anglie do Československa, z padesátých let na konec sedmdesátých. Tématem už není vztah mezi dvěma mladými muži, ale porucha příjmu potravy. Sedmnáctiletá Lada trpí anorexií. Nějaký čas trvá, než si rodiče všimnou, že výrazně zhubla - nebo spíš že je vyzáblá na kost. Začnou s domácí léčbou, Lada dokonce na čas skončí v nemocnici, neustále bojuje s odporem k sobě samé. Tahle situace ovlivňuje běžný chod rodiny, touha rodičů ji za každou cenu vyléčit, jakkoli sama nemá pocit, že by byla nemocná, v ní probouzí hlubokou nenávist. Postupně se vzpamatovává, ale postihnou ji psychické problémy. Sledujeme vývoj jejího prvního vztahu, který přeroste v manželství, pozorujeme přerod z dítěte v dospělou ženu, která zůstává nešťastná ve vlastním těle. 
650 0 4 |a Společenské romány 
856 4 0 |u https://www.bookport.cz/AccountSaml/SignIn/?idp=https://shibboleth.utb.cz/idp/shibboleth&returnUrl=/kniha/lada-u-ledu-13001/  |y Dostupné v BOOKPORT po přihlášení pomocí eduID